Capétien - Statistiques

Statistiques générales
  • Ce quiz a été pris 30 fois
  • Le résultat moyen est 10 sur 15
Statistiques - réponses
Hint Réponse % Correct
1108-1137 Louis 6
80%
1137-1180 Louis 7
80%
1223-1226 Louis 8
80%
1060-1108 Philippe 1
80%
1226-1270 Louis 9
75%
1180-1223 Philippe 2
75%
1270-1285 Philippe 3
75%
1314-1316 Louis 10
70%
1285-1314 Philippe 4
70%
987-996 Hugue Capet
65%
1322-1328 Charles 4
60%
1031-1060 Henri 1
60%
1316-1322 Philippe 5
60%
1316 Jean 1
50%
996-1031 Robert 2
50%
Aucun quiz correspondant
Distribution des résultats
% des personnes avec chaque résultat
Percentile par nombre de réponses
Votre historique - résultats
Vous n’avez pas pris ce quiz